| 000 | 00878nam a22001817a 4500 | ||
|---|---|---|---|
| 999 |
_c60797 _d60797 |
||
| 005 | 20231023173641.0 | ||
| 008 | 231023s1947 ru ||||| |||| 00| 0 rus d | ||
| 041 | _arus | ||
| 080 | _a821.124(075.8) X-88 | ||
| 245 |
_aХрестоматия по античной литературе : _bДля высших учебных заведений : Т. 1. Греческая литература / _cСост. Н.Ф. Дератани, Н. А. Тимофеева. |
||
| 264 |
_aМ. : _bУчпедгиз. _c1947. |
||
| 300 |
_a 632 стр. : _bил.; _c23 см. |
||
| 653 | _aანტიკური ლიტერატურა | ||
| 653 | _aბერძნული ლიტერატურა | ||
| 700 |
_a Дератани, Н.Ф. _eშემდგენელი _920195 |
||
| 700 |
_aТимофеева, Н.А. _eშემდგენელი _920196 |
||
| 942 |
_2udc _cBK |
||